Sports Quiz

Random Sports Quiz
Score 0/20 Timer 10:00
0 Plays Today
Position Player % Correct
Centre BackSarah Carey
80.8%
Centre ForwardNiamh Mulcahy
79.2%
Half BackJudith Mulcahy
77.5%
Full ForwardRebecca Delee
75%
Goalkeeper Laura O'Neill
69.2%
MidfieldRoisin Ambrose
65%
MidfieldKaren O'Leary
62.5%
Full BackMuireann Creamer
60%
Half BackNiamh Ryan
54.2%
Corner BackMairead Ryan
51.7%
Position Player % Correct
Half ForwardDeborah Murphy
50.8%
Corner ForwardCaoimhe Costelloe
50%
Corner BackMarian Quaid
45.8%
Half ForwardDearbhla Egan
45%
Corner ForwardLaura Stack
43.3%
SubstituteCaoimhe Lyons
41.7%
SubstituteNeamh Curtin
37.5%
SubstituteKatie Hennessy
36.7%
SubstituteLisa Leonard
31.7%
SubstituteLorraine McCarthy
31.7%
Remove Ads.
Support Sporcle.
Get the best of Sporcle when you Go Orange. This ad-free experience offers more features, more stats, and more fun while also helping to support Sporcle. Thank you for becoming a member.

You're not logged in!

Compare scores with friends on all Sporcle quizzes.
OR
Log In

Show Comments

Extras

Created May 1, 2020ReportNominate
Tags:All-Ireland, gaa, Ireland, Limerick

Top Quizzes Today


Score Distribution

Your Account Isn't Verified!

In order to create a playlist on Sporcle, you need to verify the email address you used during registration. Go to your Sporcle Settings to finish the process.

Report this User

Report this user for behavior that violates our Community Guidelines.

Details: